000 00333nam a2200133Ia 4500
008 240624s9999 xx 000 0 und d
041 _aeng
082 _a823 MAR
100 _aMARQUES GABRIEL GARCIA
245 _aGENERAL IN HIS LABYRINTH
260 _c1990
_aNew York
_bPenguin Books
300 _a285 : p. : cm. ; 20
365 _cRS
999 _c22714
_d22714